00675 2200241 4500001002100000005001500021035002000036007000300056008003900059020001600098082001000114084001600124100001500140245005100155250001400206260003900220300003600259500001100295650005200306650003700358990001800395990002000413INLIS00000000000475520240103082511 a0010-0124000011ta240103 | | |  a979534285-1 a575.1 a575.1 TRE g0 aTrevor Day1 aGenetika. :bJejak Sejarah Sains /cTrevor Day aCet. 2,-- aBandung. :bPT. Pakar Raya,c2009. a40 hlm. :bilus. ;c15 x 21 cm. aIndeks aPengalih bahasa, Ir. I. Indriyati Wibisono, M.P aPenyunting bahasa, Ir. Rudiyanto a6998/P/S/2013 a12445/P/Bl/2016